Triads (Sets of three) - Statistics

General Stats
  • This quiz has been taken 18 times
  • The average score is 14 of 24
Answer Stats
Hint Answer % Correct
Red, Yellow and Blue
100%
Rock, Paper and Scissors
100%
Solid, Liquid and Gas
94%
Electron, Protons and Neutrons
88%
Past, present and Future
81%
Physics, Chemistry and Biology
75%
Hour, Minute and Second
75%
Stalin, Roosevelt and Churchill
69%
Core, Mantle and Crust
69%
Equilateral, Isosceles and Scalene
63%
Alvin, Simon and Theodore
63%
God, Jesus and Holy Spirit
56%
Animal, Vegetable and Mineral
56%
Mean, Median and Mode
56%
sin(), cos() and tan()
56%
Left, Right and Centre
50%
Harry, Ron and Hermione
50%
Upper, Working and Middle
50%
Athos, Porthos and Aramis
44%
Faster, Higher and Stronger
44%
Blossom, Bubbles and Buttercup
25%
Adjacent, Opposite and Hypotenuse
19%
Time, Space and Matter
13%
Load, Effort and Fulcrum
6%
No matching quizzes found
Score Distribution
Percent of People with Each Score
Percentile by Number Answered
Your Score History
You have not taken this quiz